Регионална библиотека "Любен Каравелов" - Русе

Отечеството аз обичам... (Запис номер 171943)

MARC детайли
000 -Лидер
Контролно поле с фиксирана дължина 01672nam a2200361 c 4500
003 - Код на организацията, давaща контролен номер
Контролно поле BLK
005 - Дата и час на последна редакция
Контролно поле 20230327150517.0
008 - Елементи от данни с фиксирана дължина
fixed length control field 180411b bul|||||r ||||||| ||bul||
010 ## - Наследен системен номер
LC control number KNG00180240000
020 ## - Международен стандартен номер на книга ISBN
Международен стандартен номер на книга ISBN 978-954-2930-16-7
-- издат.: Слав. лит. и артист. акад.
040 ## - Източник на каталожния запис
Идентификатор на билиотеката - собственик на записа BLK
041 ## - Код за език
Код за езика на текст/звукозапис или на отделно заглавие Български
Код за езика КДБФ Български
Други езици Руски
072 #7 - Код за тематичната категория
Код организация bullib
Код за тематична категория Н83
Текст Чужда художествена литература Н
080 ## - УДК
Текстов определител УДК Руска литература
УДК код - определител по УДК 821.161.1
УДК определител -1
УДК - код + определител 821.161.1-1
139 ## - Редно поле
Редна дума Лермонтов, Михаил Юриевич
Авторски знак Лер - Л 47
245 10 - Сведения за заглавието
Заглавие Отечеството аз обичам...
Редно поле (дума) авт. и худож. Михаил Юриевич Лермонтов; * Нели Димитрова Пигулева.
246 11 - Различни форми на заглавието
Паралелно заглавие Люблю Отчизну я...
257 ## - Страна на издаване
Страна на създаване/издаване България
260 ## - Област на издателските данни
-- Варна
Име на издателя, разпространителя и проч. Слав. лит. и артист. акад.
Година на издаване 2014
300 ## - Физическа характеристика
Страници 136 с.
Илюстрации и др. с ил.
Размери/Мащаб 16 см
380 ## - Жанр
Жанр Худож. лит.
490 1# - СЕРИИ (Колекции)
Име на серия Библиотека Славянска прегръдка
500 ## - Общи забележки
Забележка Прев.: Н. Попова, Ив. Есенски, Н. Пигулева, Д. Горсов, Д. Златев. - Парал. текст на рус. ез. - Съдържа и бел. за прев.
653 ## - Ключова дума – ненормативна
Ключова дума стихотворения
659 ## - Тематичен бюлетин
Тематичен бюлетин Н
700 1# - Други автори (авторска отговорност)
Лично име Лермонтов, Михаил Юриевич
Автороска отговорност (Описва отношението между автора и произведението) авт. и худож.
9 (RLIN) 367737
700 1# - Други автори (авторска отговорност)
Лично име Пигулева, Нели Димитрова
Дати, свързани с автора 1957-
9 (RLIN) 373978
852 ## - Местоположение
Форматна сигнатура Цб І 36525
856 4# - Електронен адрес и достъп
Електронен формат pdf - файл
Път до файла /url/
856 4# - Електронен адрес и достъп
Електронен формат pdf - файл
Път до файла /url/
942 ## - АРТИКУЛИ
Вид на библиотечния материал Книги
Скрит в OPAC Не
Koha issues (borrowed), all copies 1
944 ## - СЪЗДАВАНЕ И РЕДАКЦИЯ на ЗАПИСА
Създаване/Редакция Създаване
Дата на регистрацията/редакция 24.08.2015
Статус, дата на статуса ф /
Служител, извършил регистрацията/редакцията Виолета_Тройчева
944 ## - СЪЗДАВАНЕ И РЕДАКЦИЯ на ЗАПИСА
Създаване/Редакция Редакция
Дата на регистрацията/редакция 12.09.2015
Статус, дата на статуса ф /
Служител, извършил регистрацията/редакцията Людмила_Стоянова
999 ## - СИСТЕМНИ КОНТРОЛНИ НОМЕРА
Koha biblionumber 171943
Koha biblioitemnumber 171943
Наличности
Код за отписване Код за изгубен артикул Код за повреда Коз за рестрикции Код за отдаване Артикулен № Име на библиотеката - собственик Име на библиотеката, в която се намира в момента Статус (Текущо местоположение) Дата на вписване в системата Местоположение - отдел Цена в лева Инвентарен номер Систематично азбучна сигнатура Баркод Номер на екземпляра Цена в евро Служебна бележка Служебен тип на артикула
  Не е изгубен Не е повреден без рестрикции заемане за дома 292642 Регионална библиотека "Любен Каравелов" Русе Регионална библиотека "Любен Каравелов" Русе Заемна - подръчен фонд 2015-08-25 Заемна - подръчен фонд 12.00 120000791353 П 882-1/Л 47 120000791353 1 6.14 Дост: DA Вид: А N: 16 Дата: 25.08.2015 Дата инв: 12.02.2018 Бележки инв: П2018 Книги
Vip Innovations Ltd, Rousse, Bulgaria 2025